Financial management

Αποθηκεύτηκε σε:
Λεπτομέρειες βιβλιογραφικής εγγραφής
Κύριος συγγραφέας: Kolb, Robert W.
Μορφή: Βιβλίο
Γλώσσα:English
Δημοσίευση: Glenview, Ill. : Scott, Foresman, c1987
Θέματα:
Ετικέτες: Προσθήκη ετικέτας
Δεν υπάρχουν, Καταχωρήστε ετικέτα πρώτοι!

MARC

LEADER 00000cam a2200000 i 4500
001 1/32031
008 950804s1987 eng d
020 |a 0673182835 
035 |l 10023686 
040 |a GR-MY-UA  |b gre  |e aacr 
041 0 |a eng 
082 0 |a 658.15 
100 1 |a Kolb, Robert W. 
245 1 0 |a Financial management /  |c Robert W. Kolb 
260 |a Glenview, Ill. :   |b Scott, Foresman,   |c c1987 
300 |a 550 p.;  |b ill. (some col.);  |c 29 cm 
500 |a Includes indexes 
650 0 0 |a Business enterprises  |x Finance. 
650 0 0 |a Corporations  |x Finance. 
852 |a INST  |b CHIOS  |e 19950804  |h 658.15 KOL  |p 005200003326  |q 005200003326  |t BK  |y 0 
909 |a Χ  |b 031138